000 00396nam a2200169Ia 4500
005 20250423095458.0
008 250422s9999 xx 000 0 und d
020 _a9789789155248
050 _aKB 15 .A3/
100 _aAdaguusu, A. Moses
245 0 _aGALADIMA,S SUPREME COURT YEARS.
260 _aAbuja
260 _bDooverberbem
260 _c2018
300 _a2010-2016 p
942 _cBK
999 _c30396
_d30396